| 000 | 00481nas a2200193 a 4500 | ||
|---|---|---|---|
| 001 | 61438 | ||
| 008 | s 9999sw zr|p r|||||||||||swe|| | ||
| 022 | _a1652-6511 | ||
| 084 |
_a(p) _2kssb/8 |
||
| 222 | 0 | _aDagens Samhälle | |
| 245 | 0 | 0 | _aDagens Samhälle |
| 260 | _bTiteldata AB | ||
| 310 | _aNummer/år: 45 | ||
| 500 | _aUte på cirkulation bland avdelningar samt sätts ut i läsrum | ||
| 653 | _aTidskrift | ||
| 762 | 0 | _w61442 | |
| 762 | 0 | _w64871 | |
| 999 |
_c1407 _d1407 |
||